Qué tan bien está nuestro liceo?: prácticas de gestión
I tiakina i:
| Ngā kaituhi matua: | , , , , |
|---|---|
| Ētahi atu kaituhi: | |
| Hōputu: | Pukapuka |
| Reo: | Pāniora |
| I whakaputaina: |
Santiago
Mineduc
2002
|
| Rangatū: | Matrices de Evaluación
|
| Ngā marau: | |
| Ngā Tūtohu: |
Tāpirihia he Tūtohu
Kāore He Tūtohu, Me noho koe te mea tuatahi ki te tūtohu i tēnei pūkete!
|
MARC
| LEADER | 00000nam a2200000 a 4500 | ||
|---|---|---|---|
| 001 | UCL1094 | ||
| 003 | CL-VaPUC | ||
| 008 | 030829e20020000CL |||||||||||||||||spa|d | ||
| 082 | 0 | 4 | |a 373.83 |b BRI |2 21 |
| 100 | 0 | |a Briones S., Leopoldo |e author |9 477920 | |
| 700 | 0 | |a Chaparro, Mónica |e author |9 477921 | |
| 700 | 0 | |a Dahuabe, Denisse |e author |9 477922 | |
| 700 | 0 | |a Fuentealba, Rodrigo |e author |9 477923 | |
| 700 | 0 | |a Vera, Leonardo |e author |9 477924 | |
| 700 | |a Noguera Echenique, María Inés |e autora |9 479012 | ||
| 245 | 1 | 0 | |a Qué tan bien está nuestro liceo?: prácticas de gestión |
| 300 | |a 32 p | ||
| 942 | |c BK | ||
| 945 | |d 20030829 00:00:00 |a cmena | ||
| 260 | |a Santiago |b Mineduc |c 2002 | ||
| 500 | |a Incluye poster: Síntesis de autoevaluación | ||
| 500 | |a Complementario con: Orientaciones para autoevaluación. Prácticas pedagógicas. Prácticas de los estudiantes. Plan de trabajo. Cuenta pública | ||
| 650 | 0 | |a Evaluación de la educación |9 237505 | |
| 650 | 0 | |a Calidad de la educación |9 307271 | |
| 650 | 0 | |a Autoevaluación |9 307807 | |
| 583 | |a last modification |c 20030829 00:00:00 |k Rodrigo Vera | ||
| 490 | 0 | |a Matrices de Evaluación | |
| 999 | |c 304772 |d 304770 | ||
| 952 | |0 0 |1 0 |4 0 |6 373_830000000000000_BRI_2002 |7 0 |8 P |9 367499 |a BIBEDU |b BIBEDU |d 2019-11-21 |i 3917142 |o 373.83 BRI 2002 |p 3917142 |r 2019-11-21 |w 2019-11-21 |y BK |k EPE | ||